00249nam a2200097Ia 4500008004100000100001900041245002700060260003800087300000800125650001800133191201s1997 xx 000 0 und d aSHARMA, Shamim 0aAjanmi Beti Ki Chitthi aN. delhibAadhaar Prakashanc1997 a120 aGeneral Books